000 01860cam a2200289 4500
002 ##6887
008 #DATE n2003 000 0 eng u
020 _a1842191330
035 _a(Sirsi) u120999
041 0 _aeng
050 0 4 _a333.0062 $2 18
110 2 _aRoyal Institution of Chartered Surveyors
_94900
245 0 0 _aDirect professional access to barristers
_bguidance note to assist RICS members in the use of direct access to barristers in England and Wales
250 _a2nd ed.
260 _aCoventry
_c2003
_cRICS
300 _avi, 28p.
_c30cm.
490 0 _aRICS Guidance Note
490 0 _aRICS Conditions of Engagement
505 2 _aThe Bar of England and Wales -- General considerations relating to DPA -- Steps in using DPA -- Advice in conference -- Arrangements for hearings -- Barristers' fees -- Finding a barrister -- Initial information for the barrister's clerk -- Instructions and briefs: an outline for drafting instructions to counsel; briefs for appearance at a hearing -- Documentation -- The Bar : some practical points -- RICS model terms of engagement of counsel in direct professional access work
520 _aAssists the understanding of the functions of a barrister, the role of a solicitor and when direct professional acesss should be used. Includes "RICS model terms of engagement of counsel in direct professional access work".
650 2 4 _aRICS MODEL TERMS OF ENGAGEMENT OF COUNSEL IN DIRECT PROFESSIONAL ACCESS WORK
650 2 4 _aBAR COUNCIL OF ENGLAND AND WALES LICENSED ACCESS SCHEME
651 4 _aEngland and Wales
_y1543-
690 _aMANAGEMENT-DISPUTE AVOIDANCE, MANAGEMENT AND RESOLUTION-DISPUTE MANAGEMENT AND RESOLUTION
856 4 1 _uhttps://www.rics.org/Global/Downloads/Direct_Professional_Access.pdf
_zView the guidance free of charge at www.rics.org (member-only access).
942 _n0
999 _c102604
_d102604